|
|
|
|
| LEADER |
01028nam a2200313 4500 |
| 001 |
DLU090092296 |
| 005 |
##20091201 |
| 040 |
# |
# |
|a DLU
|b eng
|
| 041 |
# |
# |
|a eng
|
| 044 |
# |
# |
|a us
|
| 100 |
# |
# |
|a Valkonen, Mari.
|
| 245 |
# |
# |
|a Effects of inactivation and constitutive expression of the unfolded- protein response pathway on protein production in the yeast saccharomyces cerevisiae /
|c Mari Valkonen, Merja Penttila, Markku Saloheimo.
|
| 653 |
# |
# |
|a Cultivation
|
| 653 |
# |
# |
|a Manipulation
|
| 653 |
# |
# |
|a Proteins
|
| 653 |
# |
# |
|a Saccharomyces cerevisiae
|
| 653 |
# |
# |
|a Yeast
|
| 700 |
# |
# |
|a Penttila, Merja.
|
| 700 |
# |
# |
|a Saloheimo, Markku.
|
| 773 |
# |
# |
|t Applied and Environmental Microbiology
|g Vol. 69, no. 4 (April 2003), p. 2065-2072
|
| 920 |
# |
# |
|a Phòng Tạp chí -- Trung tâm Thông tin - Thư viện Trường Đại học Đà Lạt
|
| 994 |
# |
# |
|a DLU
|
| 900 |
# |
# |
|a True
|
| 911 |
# |
# |
|a Trương Bảo Trâm Anh
|
| 925 |
# |
# |
|a G
|
| 926 |
# |
# |
|a A
|
| 927 |
# |
# |
|a BB
|
| 980 |
# |
# |
|a Thư viện Trường Đại học Đà Lạt
|